Contemporary management / (Record no. 143)
[ view plain ]
| 000 -LEADER | |
|---|---|
| fixed length control field | 00792nam a2200241 a 4500 |
| 001 - CONTROL NUMBER | |
| control field | 143 |
| 005 - DATE AND TIME OF LATEST TRANSACTION | |
| control field | 20221127085851.0 |
| 008 - FIXED-LENGTH DATA ELEMENTS--GENERAL INFORMATION | |
| fixed length control field | 050920s lxxua 00100 eng d |
| 020 ## - INTERNATIONAL STANDARD BOOK NUMBER | |
| International Standard Book Number | 0071151214(pbk) : |
| Terms of availability | SR138.00 |
| 020 ## - INTERNATIONAL STANDARD BOOK NUMBER | |
| International Standard Book Number | 0072334568(study guide : pbk) : |
| Terms of availability | SR118.00 |
| 035 ## - SYSTEM CONTROL NUMBER | |
| System control number | 153 |
| 082 04 - DEWEY DECIMAL CLASSIFICATION NUMBER | |
| Classification number | 658 |
| Item number | J716 2003 |
| 100 1# - MAIN ENTRY--PERSONAL NAME | |
| Personal name | Jones, Gareth R. |
| 245 10 - TITLE STATEMENT | |
| Title | Contemporary management / |
| Statement of responsibility, etc. | Gareth R. Jones, J. George. |
| 250 ## - EDITION STATEMENT | |
| Edition statement | 3rd ed. |
| 260 ## - PUBLICATION, DISTRIBUTION, ETC. | |
| Place of publication, distribution, etc. | Boston, Mass. : |
| Name of publisher, distributor, etc. | McGraw-Hill, |
| Date of publication, distribution, etc. | 2003. |
| 300 ## - PHYSICAL DESCRIPTION | |
| Extent | xxiv, 732 p. : |
| Other physical details | ill. ; |
| Dimensions | 26 cm. |
| Accompanying material | 2 CD. |
| 500 ## - GENERAL NOTE | |
| General note | Accompanied by : Study guide / prepared by Ernest King. 2nd ed., 2000. (192 p.) |
| 504 ## - BIBLIOGRAPHY, ETC. NOTE | |
| Bibliography, etc. note | Includes bibl. references and index. |
| 650 #4 - SUBJECT ADDED ENTRY--TOPICAL TERM | |
| Topical term or geographic name entry element | Management. |
| 700 1# - ADDED ENTRY--PERSONAL NAME | |
| Personal name | George, Jennifer M., |
| Relator term | jt. auth. |
| 700 1# - ADDED ENTRY--PERSONAL NAME | |
| Personal name | King, Ernest. |
| Withdrawn status | Lost status | Source of classification or shelving scheme | Damaged status | Not for loan | Home library | Current library | Date acquired | Total Checkouts | Full call number | Barcode | Date last seen | Copy number | Price effective from | Koha item type |
|---|---|---|---|---|---|---|---|---|---|---|---|---|---|---|
| CENTRAL | CENTRAL | 11/27/2022 | 658 J716 2003 | 1000000000257 | 11/27/2022 | C1 | 11/27/2022 | Book | ||||||
| CENTRAL | CENTRAL | 11/27/2022 | 658 J716 2003 | 1000000000258 | 11/27/2022 | C2 | 11/27/2022 | Book | ||||||
| CENTRAL | CENTRAL | 11/27/2022 | 658 J716 2003 | 1000000000251 | 11/27/2022 | C3 | 11/27/2022 | Book | ||||||
| CENTRAL | CENTRAL | 11/27/2022 | 658 J716 2003 | 1000000005145 | 11/27/2022 | C5 | 11/27/2022 | CD | ||||||
| CENTRAL | CENTRAL | 11/27/2022 | 658 J716 2003 | 1000000005146 | 11/27/2022 | C6 | 11/27/2022 | CD | ||||||
| CENTRAL | CENTRAL | 11/27/2022 | 658 J716 2003 | 1000000005144 | 11/27/2022 | C7 | 11/27/2022 | CD | ||||||
| KHOBAR | KHOBAR | 11/27/2022 | 658 J716 2003 | 1000000000252 | 11/27/2022 | C4 | 11/27/2022 | Book |
